000 00219 a2200109 4500
020 _a9780718039776
041 _aeng
100 _aMax Lucado
245 _aMiracle at the Higher grunds Cafe
942 _cBK
952 _71
999 _c19586
_d19586